logo

Bir Sreshtho Munshi Abdur Rouf Library
Jhenaidah Cadet College

Ivanhoe / (Record no. 7543)

MARC details
000 -LEADER
fixed length control field 00646nam a22002412a 4500
001 - CONTROL NUMBER
JCCL Control Number 7543
003 - CONTROL NUMBER IDENTIFIER
JCCL marc code Bd-JhCC
005 - DATE AND TIME OF LATEST TRANSACTION
control field 20180211131828.0
008 - FIXED-LENGTH DATA ELEMENTS--GENERAL INFORMATION
fixed length control field 860101s1980 enk 000 0 eng d
035 ## - SYSTEM CONTROL NUMBER
system control number (BD-JhCC)7543
040 ## - CATALOGING SOURCE
Original cataloging agency UKM
Transcribing agency UKM
Modifying agency OCL
-- EQO
-- Bd-JhCC
041 ## - LANGUAGE CODE
Language code of Book eng
082 ## - DEWEY DECIMAL CLASSIFICATION NUMBER
Classification number 823/.7
DDC Edition number 19
Author mark and Year KEN 1980
100 1# - MAIN ENTRY--PERSONAL NAME
Personal name Kennett, John
245 10 - TITLE STATEMENT
Title Ivanhoe /
Statement of responsibility, etc Sir Walter Scott and John Kennett
260 ## - PUBLICATION, DISTRIBUTION, ETC. (IMPRINT)
Place of publication, distribution, etc London :
Name of publisher, distributor, etc Longman,
Date of publication, distribution, etc 1980
300 ## - PHYSICAL DESCRIPTION
Pagination 122 p. :
Dimensions 21 cm
490 1# - SERIES STATEMENT
Series statement The Kennett Library
600 10 - SUBJECT ADDED ENTRY--PERSONAL NAME
Personal name Scott, Walter,
Dates associated with a name 1771-1832.
Title of a work Ivanhoe.
650 ## - SUBJECT ADDED ENTRY--TOPICAL TERM
Topical term or geographic name as entry element English Stories
700 ## - ADDED ENTRY--PERSONAL NAME
Personal name Low, Donald A.
942 ## - ADDED ENTRY ELEMENTS (KOHA)
Source of classification or shelving scheme Dewey Decimal Classification
Koha item type Books
Holdings
Source of classification or shelving scheme Damaged status Not for loan Home library Current library Shelving location Date of accession Total Checkouts Full call number Barcode Date last seen Copy number Koha item type
Dewey Decimal Classification     JCC Rouf Library JCC Rouf Library General Stacks 02/11/2018   823/.7 KEN 1980 9781 02/11/2018 C -1 Books

JCC Library | Contacts | JCC Home

Last Update on 23 September 2017
Copyright @ 2017-2020 JCC Rouf Library
Rouf Library, Jhenidah Cadet College (JCC), Bangladesh